[Event "Turtle Speed # 22"]
[Site "SchemingMind.com"]
[Date "2009.01.21"]
[Round "-"]
[White "Ivancic"]
[Black "Nobody22"]
[Result "1/2-1/2"]
[WhiteCountry "AUS"]
[BlackCountry "USA"]
[WhiteElo "1895"]
[WhiteRD "75"]
[BlackElo "1903"]
[BlackRD "94"]
[GameID "188580"]

1. e4 e5 2. Nf3 Nc6 3. Bb5 f5 4. Nc3 fxe4 5. Nxe4 Nf6 6. Qe2 d5 7. Nxf6+ gxf6 8. Nd4 Bd7 9. Bxc6 Bxc6 10. Qh5+ Ke7
11. Nxc6+ bxc6 12. d3 Qe8 13. Qxe8+ Kxe8 14. f4 Bc5 15. fxe5 fxe5 16. Rf1 Rg8 17. g3 Rf8 18. Rxf8+ Kxf8 19. Ke2 Kg7 20. Be3 Bxe3
21. Kxe3 Rf8 22. Ke2 Kg6 23. Rf1 Rxf1 24. Kxf1 Kf5 25. h3 c5 26. Ke2 e4 27. c4 exd3+ 28. Kxd3 d4 29. b4 cxb4 30. Kxd4 a5
31. Kc5 c6 32. Kd4 a4 33. c5 b3 34. axb3 axb3 35. Kc3 b2 36. Kxb2 Ke4 37. Kc3 Kf3 38. Kd4 Kxg3 39. Ke5 Kxh3 40. Kd6 h5
41. Kxc6 h4 42. Kd6 Kg3=
1/2-1/2

[Event "Turtle Speed # 22"]
[Site "SchemingMind.com"]
[Date "2009.01.22"]
[Round "-"]
[White "Nobody22"]
[Black "Ivancic"]
[Result "1-0"]
[WhiteCountry "USA"]
[BlackCountry "AUS"]
[WhiteElo "1903"]
[WhiteRD "94"]
[BlackElo "1895"]
[BlackRD "75"]
[GameID "188581"]

1. d4 d5 2. Nf3 Nf6 3. h3 e6 4. Bf4 c5 5. e3 Nc6 6. c3 Be7 7. Bd3 O-O 8. Nbd2 Re8 9. Bb5 a6 10. Bxc6 bxc6
11. a3 cxd4 12. exd4 c5 13. O-O cxd4 14. Nxd4 Bc5 15. N2b3 Bb6 16. Nc6 Qd7 17. Nba5 Bxa5 18. Nxa5 Qb5 19. b4 e5 20. Be3 Bf5
21. Bc5 Ne4 22. Qxd5 Nxc3 23. Qd2 Ne2+ 24. Kh2 Rad8 25. Qe3 Rd3 26. a4 Rxe3 27. axb5 Rc3 28. bxa6 Nf4 29. Rfc1 Rd3 30. Nc4 Be4
31. Nxe5 Rxe5 32. Bd6 f6 33. Rc8+ Kf7 34. Bxe5 fxe5 35. f3 Bd5 36. a7 Rd2 37. Rc7+ Kf6 38. Ra6+ Ne6 39. Rd7
1-0

[Event "Turtle Speed # 22"]
[Site "SchemingMind.com"]
[Date "2009.01.25"]
[Round "-"]
[White "Sammy75"]
[Black "Ivancic"]
[Result "1-0"]
[WhiteCountry "NED"]
[BlackCountry "AUS"]
[WhiteElo "1827"]
[WhiteRD "120"]
[BlackElo "1954"]
[BlackRD "75"]
[GameID "189010"]

1. e4 e5 2. Nf3 Nc6 3. Bb5 a6 4. Ba4 Nf6 5. O-O Be7 6. Re1 b5 7. Bb3 d6 8. c3 O-O 9. h3 Bb7 10. d4 Re8
11. Ng5 Rf8 12. Nf3 h6 13. Nbd2 Re8 14. Nf1 Bf8 15. Ng3 Na5 16. Bc2 exd4 17. cxd4 c5 18. d5 Nc4 19. b3 Ne5 20. Bb2 Nfd7
21. Nf5 g6 22. Ne3 Bg7 23. Rb1 Nxf3+ 24. Qxf3 Bxb2 25. Rxb2 Ne5 26. Qg3 Qf6 27. Rbb1 Kh8 28. Ng4 Nxg4 29. Qxg4 Bc8 30. Qg3 Bd7
31. Re3 a5 32. f4 Qd4 33. Kh1 b4 34. Rd1 Qb2 35. Bb1 a4 36. e5 dxe5 37. fxe5 axb3 38. axb3 Ra1 39. Ree1 Ra3 40. Bxg6 fxg6
41. Qxg6 Rxb3 42. e6 Bb5 43. Qxh6+ Kg8 44. d6 Rg3 45. Rd2 Qg7 46. Qh5 Qf8 47. Qxc5 Bd7 48. Qc4 Kg7 49. Qc7 Kg8 50. Qxd7 b3
51. Qxe8 Qxe8 52. d7
1-0

[Event "Turtle Speed # 22"]
[Site "SchemingMind.com"]
[Date "2009.01.24"]
[Round "-"]
[White "Sammy75"]
[Black "Nobody22"]
[Result "0-1"]
[WhiteCountry "NED"]
[BlackCountry "USA"]
[WhiteElo "1728"]
[WhiteRD "162"]
[BlackElo "1903"]
[BlackRD "94"]
[GameID "189011"]

1. e4 c5 2. Nc3 Nc6 3. f4 g6 4. Nf3 Bg7 5. Bb5 Nd4 6. O-O Nxb5 7. Nxb5 a6 8. Nc3 Bxc3 9. dxc3 d6 10. f5 gxf5
11. e5 dxe5 12. Qxd8+ Kxd8 13. Nxe5 Ke8 14. Bf4 Nf6 15. Rad1 Be6 16. Rf3 Ne4 17. Rfd3 f6 18. Nd7 Bc4 19. Nb6 Bxd3 20. Nxa8 Bxc2
21. Nc7+ Kf7 22. Rd7 Ba4 23. Rd3 Bc6 24. Be3 e6
0-1

[Event "Turtle Speed # 22"]
[Site "SchemingMind.com"]
[Date "2009.01.25"]
[Round "-"]
[White "Ivancic"]
[Black "Sammy75"]
[Result "1-0"]
[WhiteCountry "AUS"]
[BlackCountry "NED"]
[WhiteElo "1957"]
[WhiteRD "71"]
[BlackElo "1741"]
[BlackRD "123"]
[GameID "189012"]

1. e4 e5 2. Nf3 Nc6 3. Bb5 Bc5 4. O-O d6 5. c3 Bd7 6. Ba4 Nf6 7. d4 Bb6 8. d5 Ne7 9. Bc2 O-O 10. Nbd2 a6
11. h3 Ne8 12. g4 h5 13. Nh2 c6 14. c4 Ng6 15. Ndf3 Nh4 16. Nxh4 Qxh4 17. Kg2 Nf6 18. f3 hxg4 19. hxg4 g5 20. dxc6 Bxc6
21. Qxd6 Kg7 22. Qxe5
1-0

[Event "Turtle Speed # 22"]
[Site "SchemingMind.com"]
[Date "2009.01.25"]
[Round "-"]
[White "Nobody22"]
[Black "Sammy75"]
[Result "1-0"]
[WhiteCountry "USA"]
[BlackCountry "NED"]
[WhiteElo "1903"]
[WhiteRD "94"]
[BlackElo "1728"]
[BlackRD "162"]
[GameID "189013"]

1. d4 Nf6 2. Nf3 d5 3. h3 Bf5 4. Bf4 Nc6 5. e3 a6 6. c3 h6 7. Bd3 Bxd3 8. Qxd3 e6 9. Nbd2 Bd6 10. Bxd6 cxd6
11. O-O O-O 12. c4 Rc8 13. cxd5 Nxd5 14. Qb3 b5 15. Rac1 Nb6 16. Ne4 b4 17. Qd3 d5 18. Nc5 a5 19. b3 Nd7 20. Nxd7 Qxd7
21. Qb5 Qd6 22. Rc5 Rc7 23. Rfc1 Rfc8 24. Ne5 Nxe5 25. Rxc7 Rxc7 26. Qb8+
1-0

[Event "Turtle Speed # 22"]
[Site "SchemingMind.com"]
[Date "2009.02.02"]
[Round "-"]
[White "fishofchaos"]
[Black "Ivancic"]
[Result "0-1"]
[WhiteCountry "ENG"]
[BlackCountry "AUS"]
[WhiteElo "1848"]
[WhiteRD "74"]
[BlackElo "1895"]
[BlackRD "75"]
[GameID "189512"]

1. d4 d5 2. c4 e6 3. Nf3 Nf6 4. Nc3 c6 5. e3 Be7 6. Bd3 dxc4 7. Bxc4 b5 8. Bd3 Qb6 9. Qc2 O-O 10. O-O Nbd7
11. Bd2 a5 12. Ne5 h6 13. a4 b4 14. Ne4 Nxe5 15. dxe5 Ng4 16. f4 Nxe3 17. Bxe3 Qxe3+ 18. Kh1 Qb6 19. b3 Bb7 20. Rad1 c5
21. Rf2 c4 22. bxc4 b3 23. Qb2 Rab8 24. Rc1 Bxe4 25. Bxe4 Ba3
0-1

[Event "Turtle Speed # 22"]
[Site "SchemingMind.com"]
[Date "2009.01.28"]
[Round "-"]
[White "fishofchaos"]
[Black "Sammy75"]
[Result "1-0"]
[WhiteCountry "ENG"]
[BlackCountry "NED"]
[WhiteElo "1874"]
[WhiteRD "77"]
[BlackElo "1736"]
[BlackRD "141"]
[GameID "189513"]

1. d4 Nf6 2. c4 e6 3. Nf3 b6 4. Nc3 Bb4 5. Qb3 c5 6. Bf4 Nc6 7. a3 Bxc3+ 8. Qxc3 Bb7 9. Rd1 d5 10. e3 cxd4
11. Nxd4 Qe7 12. Nxc6 Bxc6 13. Bd3 dxc4 14. Bxc4 Rd8 15. Rxd8+ Qxd8 16. f3 Qd7 17. O-O O-O 18. e4 Rc8 19. Qd3 Qe8 20. Rc1 Rd8
21. Qe2 Rd7 22. Bb3 Rd4 23. Qa6 Qd7 24. Be3 Rd3 25. Rxc6 Qxc6 26. Qxd3
1-0

[Event "Turtle Speed # 22"]
[Site "SchemingMind.com"]
[Date "2009.01.28"]
[Round "-"]
[White "fishofchaos"]
[Black "Nobody22"]
[Result "1/2-1/2"]
[WhiteCountry "ENG"]
[BlackCountry "USA"]
[WhiteElo "1883"]
[WhiteRD "74"]
[BlackElo "1814"]
[BlackRD "112"]
[GameID "189514"]

1. d4 d5 2. c4 c6 3. Nf3 Nf6 4. e3 e6 5. Nbd2 Nbd7 6. Bd3 Bd6 7. O-O h6 8. b3 e5 9. Bb2 e4 10. Bc2 exf3
11. Qxf3 Bb4 12. Rfd1 Qa5 13. Qe2 Bc3 14. Bxc3 Qxc3 15. Bd3 Qb2 16. a3 O-O 17. Rdb1 Qc3 18. Rc1 Qa5 19. b4 Qc7 20. c5 b6
21. a4 bxc5 22. bxc5 a5 23. Rab1 Qa7 24. h3 Ba6 25. Bxa6 Qxa6 26. Qxa6 Rxa6 27. Rb7 Rfa8 28. Rcb1 R6a7 29. f3 h5 30. Kf2 h4
31. e4 Nf8 32. Rxa7 Rxa7 33. Rb6 Ne6 34. Ke3 dxe4 35. Rxc6 exf3 36. Nxf3 Nd5+ 37. Ke4 Nc3+ 38. Kd3 Nxa4 39. Rc8+ Kh7 40. Rb8 Nf4+
41. Kc4 Ne6 42. Kb3 Rb7+ 43. Rxb7 Nexc5+ 44. Ka3 Nxb7 45. Kxa4 Kg6 46. Nxh4+ Kf6 47. Nf3 Ke7 48. Kb5 Kd6 49. Kc4 f6 50. g4 a4
51. Kb4 Kd5 52. Kxa4 Ke4 53. Nh4 Nd6 54. Kb4 Kxd4 55. Ng6 Ne4 56. h4 Ke3 57. Ne7 Kf4 58. Nf5 Kxg4 59. Nxg7 Kxh4 60. Kc4 Kg5
61. Kd5 Kg6 62. Kxe4 Kxg7 63. Kf5 Kf7 64. Kf4 Kg6 65. Kg4 f5+ 66. Kf4 Kf6 67. Kf3 Ke5 68. Ke3 f4+ 69. Kf3 Kf5 70. Kf2 Kg4
71. Kg2 f3+ 72. Kf2 Kf4 73. Kf1 Ke3 74. Ke1 f2+ 75. Kf1 Kd2 76. Kxf2
1/2-1/2

[Event "Turtle Speed # 22"]
[Site "SchemingMind.com"]
[Date "2009.02.02"]
[Round "-"]
[White "Ivancic"]
[Black "fishofchaos"]
[Result "0-1"]
[WhiteCountry "AUS"]
[BlackCountry "ENG"]
[WhiteElo "1895"]
[WhiteRD "75"]
[BlackElo "1848"]
[BlackRD "74"]
[GameID "189515"]

1. e4 c5 2. Nf3 e6 3. d4 cxd4 4. Nxd4 a6 5. Nc3 b5 6. Bd3 Qb6 7. Nb3 Qc7 8. O-O Bb7 9. f4 b4 10. Ne2 Nf6
11. Ng3 h5 12. h4 Bc5+ 13. Nxc5 Qxc5+ 14. Kh1 Ng4 15. Qe2 Qe7 16. Kg1 Qxh4 17. Rf3 Qh2+ 18. Kf1 h4
0-1

[Event "Turtle Speed # 22"]
[Site "SchemingMind.com"]
[Date "2009.01.29"]
[Round "-"]
[White "Sammy75"]
[Black "fishofchaos"]
[Result "1-0"]
[WhiteCountry "NED"]
[BlackCountry "ENG"]
[WhiteElo "1728"]
[WhiteRD "162"]
[BlackElo "1848"]
[BlackRD "74"]
[GameID "189516"]

1. e4 c5 2. Nc3 Nc6 3. f4 g6 4. Nf3 Bg7 5. Bc4 e6 6. f5 Nge7 7. fxe6 dxe6 8. d3 O-O 9. O-O Nd4 10. Nxd4 cxd4
11. Ne2 a6 12. a4 Kh8 13. Qe1 Nc6 14. c3 dxc3 15. Nxc3 Nd4 16. Qf2 f5 17. exf5 exf5 18. Bf4 Re8 19. Rfe1 Be6 20. Be5 Qd7
21. Bxg7+ Kxg7 22. Nd5
1-0

[Event "Turtle Speed # 22"]
[Site "SchemingMind.com"]
[Date "2009.01.28"]
[Round "-"]
[White "Nobody22"]
[Black "fishofchaos"]
[Result "0-1"]
[WhiteCountry "USA"]
[BlackCountry "ENG"]
[WhiteElo "1814"]
[WhiteRD "112"]
[BlackElo "1883"]
[BlackRD "74"]
[GameID "189517"]

1. d4 Nf6 2. Nf3 e6 3. h3 c5 4. Bf4 d5 5. e3 Nc6 6. c3 Bd6 7. Bxd6 Qxd6 8. Bd3 O-O 9. Nbd2 Re8 10. Bb5 a6
11. Bxc6 Qxc6 12. O-O Nd7 13. a4 e5 14. dxe5 Nxe5 15. Nxe5 Rxe5 16. Nf3 Re6 17. Qd3 Rf6 18. c4 Be6 19. Rfd1 dxc4 20. Qd8+ Qe8
21. Qxe8+ Rxe8 22. Rd6 h6 23. Rc1 Rc8 24. Nd2 Rg6 25. g4 Kf8 26. Nxc4 Bxc4 27. Rxc4 Rxd6
0-1

[Event "Turtle Speed # 22"]
[Site "SchemingMind.com"]
[Date "2009.02.03"]
[Round "-"]
[White "Kobiahshi"]
[Black "Ivancic"]
[Result "0-1"]
[WhiteCountry "USA"]
[BlackCountry "AUS"]
[WhiteElo "1634"]
[WhiteRD "64"]
[BlackElo "1954"]
[BlackRD "75"]
[GameID "189576"]

1. d4 d5 2. c4 e6 3. Nf3 Nf6 4. g3 dxc4 5. Bg2 c6 6. Ne5 Qa5+ 7. Bd2 Qa6 8. e3 b5 9. Nc3 Bb7 10. O-O Nbd7
11. Nxd7 Nxd7 12. a3 Be7 13. Ne2 O-O 14. Nc3 Nf6 15. Ne4 Nxe4 16. Bxe4 c5 17. Qc2 Bxe4 18. Qxe4 cxd4 19. Qxd4 Bf6 20. Qe4 Bxb2
21. Ra2 Bf6 22. Bb4 Rfd8 23. Qf3 Qb6 24. Rc2 a5 25. Bc3 Bxc3 26. Rxc3 Rac8 27. Kg2 b4 28. axb4 axb4 29. Rb1 Qc5 30. Rcc1 c3
31. Qb7 Rb8 32. Qe4 Qd5 33. Qxd5 exd5 34. Kf1 Rdc8 35. Ke1 b3 36. Ke2 f5 37. Kd3 c2 38. Rb2 Rc4 39. h3 Kf7 40. f3 Ke6
41. e4 fxe4+ 42. fxe4 Rxe4 43. g4 Kd6 44. Kd2 Rc4 45. Kd3 Kc5 46. Kd2 d4 47. g5 Rc3 48. h4 Kb4 49. h5 Ka3 50. Rcxc2 bxc2
51. Rxc2 Rb2 52. Rxb2 Kxb2
0-1

[Event "Turtle Speed # 22"]
[Site "SchemingMind.com"]
[Date "2009.01.29"]
[Round "-"]
[White "Kobiahshi"]
[Black "fishofchaos"]
[Result "1-0"]
[WhiteCountry "USA"]
[BlackCountry "ENG"]
[WhiteElo "1661"]
[WhiteRD "72"]
[BlackElo "1904"]
[BlackRD "75"]
[GameID "189577"]

1. d4 Nf6 2. c4 e6 3. e3 b6 4. Nc3 Bb7 5. Qc2 Be7 6. Be2 Bxg2 7. Bf3 Bxf3 8. Nxf3 O-O 9. Bd2 d5 10. cxd5 Nxd5
11. O-O-O c5 12. Rhg1 Nc6 13. h4 cxd4 14. h5 dxc3 15. Bxc3 Qc7 16. Rxg7+
1-0

[Event "Turtle Speed # 22"]
[Site "SchemingMind.com"]
[Date "2009.01.30"]
[Round "-"]
[White "Kobiahshi"]
[Black "Sammy75"]
[Result "0-1"]
[WhiteCountry "USA"]
[BlackCountry "NED"]
[WhiteElo "1634"]
[WhiteRD "64"]
[BlackElo "1827"]
[BlackRD "120"]
[GameID "189578"]

1. d4 Nf6 2. c4 e6 3. Nc3 Bb4 4. Qc2 O-O 5. e4 d5 6. e5 Ne4 7. Bd3 Bxc3+ 8. bxc3 f5 9. exf6 Nxf6 10. Nf3 Nbd7
11. O-O h6 12. cxd5 exd5 13. Ng5 hxg5 14. Bxg5 b6 15. Qe2 Re8 16. Qf3 Qe7 17. h3 Qa3 18. Bg6 Ba6 19. Rfc1 Re2 20. Bd3 Bxd3
21. Qg3 Bc4 22. h4 Ne4 23. Qxc7 Nxg5 24. hxg5 Nf8 25. Qg3 Rae8 26. g6 Rxa2 27. Rxa2 Qxa2 28. Qf4 Nxg6 29. Qg3 Qd2 30. Ra1 Nf4
31. Kh1 Re1+ 32. Rxe1 Qxe1+ 33. Kh2 Ne2 34. Qb8+ Kh7 35. Qe5 Qg1+ 36. Kh3 Qh1+ 37. Qh2 Qxh2+ 38. Kxh2 a5 39. g4 a4
0-1

[Event "Turtle Speed # 22"]
[Site "SchemingMind.com"]
[Date "2009.01.29"]
[Round "-"]
[White "Kobiahshi"]
[Black "Nobody22"]
[Result "0-1"]
[WhiteCountry "USA"]
[BlackCountry "USA"]
[WhiteElo "1616"]
[WhiteRD "67"]
[BlackElo "1913"]
[BlackRD "97"]
[GameID "189579"]

1. d4 Nf6 2. c4 g6 3. Nc3 Bg7 4. e4 d6 5. f4 O-O 6. Nf3 c5 7. dxc5 Qa5 8. Bd3 Ng4 9. cxd6 Bxc3+ 10. Bd2 Bxd2+
11. Nxd2 Qb6 12. Qe2 exd6 13. b3 Nc6 14. O-O-O Nf2 15. h3 Nb4 16. Bb1 Nxh1 17. Rxh1 Qd4 18. Nf3 Qc3+ 19. Bc2 Nxa2+ 20. Kb1 Qxb3+
21. Bxb3 Nc3+ 22. Kc2 Nxe2 23. Kd2 Nxf4 24. Rg1 Bd7 25. Ke3 Ne6 26. g4 a5 27. Rb1 a4 28. Ba2 Nc5 29. Rb6 Rfe8 30. Nd2 Ra6
31. Rb1 f5 32. gxf5 Bxf5 33. Kd4 Nxe4 34. Re1 Nf6 35. c5+ Kf8 36. Rh1 dxc5+ 37. Kxc5 Rc8+ 38. Kb4 Rb6+ 39. Kxa4 Ra8#
0-1

[Event "Turtle Speed # 22"]
[Site "SchemingMind.com"]
[Date "2009.02.03"]
[Round "-"]
[White "Ivancic"]
[Black "Kobiahshi"]
[Result "1-0"]
[WhiteCountry "AUS"]
[BlackCountry "USA"]
[WhiteElo "1960"]
[WhiteRD "74"]
[BlackElo "1654"]
[BlackRD "68"]
[GameID "189580"]

1. e4 Nc6 2. d4 d5 3. e5 f6 4. Bd3 g6 5. f4 Nxd4 6. exf6 Nxf6 7. Bxg6+ hxg6 8. Qxd4 b6 9. Qd1 Bb7 10. Nf3 d4
11. O-O Qd5 12. Qxd4 Qxd4+ 13. Nxd4 O-O-O 14. Ne6 Rd5 15. Nxf8 Rxf8 16. Nc3 Rh5 17. Re1 Bxg2 18. Kxg2 Rfh8 19. Rh1 e5 20. fxe5 Rxe5
21. Bf4 Reh5 22. Bg3 Ng4 23. Rae1 Kd8 24. Re4 Nf6 25. Re6 Rf5 26. Rxf6 Rxf6 27. Be5 Rhf8 28. Bxf6+ Rxf6 29. Rf1 Rc6 30. Rf2 Kc8
31. Kg3 Kb7 32. Kg4 a6 33. Kg5 Re6 34. h4 a5 35. Rf6
1-0

[Event "Turtle Speed # 22"]
[Site "SchemingMind.com"]
[Date "2009.01.29"]
[Round "-"]
[White "fishofchaos"]
[Black "Kobiahshi"]
[Result "1-0"]
[WhiteCountry "ENG"]
[BlackCountry "USA"]
[WhiteElo "1900"]
[WhiteRD "77"]
[BlackElo "1634"]
[BlackRD "64"]
[GameID "189581"]

1. d4 f5 2. g3 Nf6 3. Bg2 g6 4. Nf3 Bg7 5. O-O O-O 6. c4 d6 7. Nc3 Qe8 8. d5 a5 9. Be3 h6 10. Nb5 Na6
11. Qd2 c6 12. Nc3 g5 13. h4 f4 14. gxf4 g4 15. Nd4 Bd7 16. a3 c5 17. Ne6 Bxe6 18. dxe6 Rb8 19. f5 Nc7 20. Bxh6 Qh5
21. Bg5 b6 22. Ne4 Nxe4 23. Bxe4 Bf6 24. Bxf6 Rxf6 25. Qg5+ Qxg5 26. hxg5 Rff8 27. Kg2 Kg7 28. Rh1 Rh8 29. f6+ exf6 30. Rxh8 Rxh8
31. Bf5 Re8 32. Rh1 fxg5 33. Rh7+ Kf6 34. Rf7+ Ke5 35. e7 d5 36. Bd7 Rh8 37. Rf8 Rh7 38. e8=Q+ Nxe8 39. Rxe8+ Kd6 40. Bxg4 dxc4
41. Rg8 Kc6 42. Rxg5 Re7 43. f4 Re8 44. f5 Kb5 45. Rg6 Rf8 46. e4 Rd8 47. f6 Rd2+ 48. Kf3 Rxb2 49. f7 c3 50. Bd7+ Kc4
51. f8=Q c2 52. Rg1 Rb1 53. Be6+ Kd4 54. Qd6+ Kc3 55. Ke3 c4 56. Qd2+ Kb2 57. Rxb1+ Kxb1 58. Bxc4 c1=N 59. a4
1-0

[Event "Turtle Speed # 22"]
[Site "SchemingMind.com"]
[Date "2009.01.31"]
[Round "-"]
[White "Sammy75"]
[Black "Kobiahshi"]
[Result "1-0"]
[WhiteCountry "NED"]
[BlackCountry "USA"]
[WhiteElo "1736"]
[WhiteRD "141"]
[BlackElo "1616"]
[BlackRD "67"]
[GameID "189582"]

1. e4 c5 2. Nc3 Nc6 3. f4 d6 4. Nf3 g6 5. Bc4 e6 6. f5 exf5 7. d3 Bg7 8. O-O Nf6 9. Qe1 fxe4 10. Nxe4 O-O
11. Bg5 Kh8 12. Qh4 h5 13. Nxf6 Qc7 14. Nxh5 gxh5 15. Qxh5+ Bh6 16. Qxh6+ Kg8 17. Bf6
1-0

[Event "Turtle Speed # 22"]
[Site "SchemingMind.com"]
[Date "2009.01.29"]
[Round "-"]
[White "Nobody22"]
[Black "Kobiahshi"]
[Result "1-0"]
[WhiteCountry "USA"]
[BlackCountry "USA"]
[WhiteElo "1903"]
[WhiteRD "94"]
[BlackElo "1664"]
[BlackRD "73"]
[GameID "189583"]

1. d4 f5 2. g3 Nf6 3. c4 g6 4. Bg2 Bg7 5. Nf3 d6 6. O-O O-O 7. Nc3 Qe8 8. d5 a5 9. Ng5 Na6 10. Be3 c6
11. dxc6 bxc6 12. Bb6 Rb8 13. Na4 Nc5 14. Bxc5 dxc5 15. Nxc5 e6 16. Qd6 Rxb2 17. Rab1 Rxe2 18. Bf3 Rxf2 19. Rxf2 Kh8 20. Bxc6 Bd7
21. Bxd7 Nxd7 22. Nxd7
1-0

[Event "Turtle Speed # 22"]
[Site "SchemingMind.com"]
[Date "2009.02.03"]
[Round "-"]
[White "Mikael Hakim"]
[Black "Ivancic"]
[Result "0-1"]
[WhiteCountry "INT"]
[BlackCountry "AUS"]
[WhiteElo "1717"]
[WhiteRD "80"]
[BlackElo "1957"]
[BlackRD "71"]
[GameID "189606"]

1. e4 e5 2. Nf3 Nc6 3. Bb5 a6 4. Bxc6 dxc6 5. O-O f6 6. d4 Bg4 7. c3 exd4 8. Qxd4 Bxf3 9. gxf3 Bd6 10. f4 Qe7
11. Be3 c5 12. Qd5 c6 13. Qc4 b5 14. Qd3 Rd8 15. Qc2 Qc7
0-1

[Event "Turtle Speed # 22"]
[Site "SchemingMind.com"]
[Date "2009.01.29"]
[Round "-"]
[White "Mikael Hakim"]
[Black "fishofchaos"]
[Result "1-0"]
[WhiteCountry "INT"]
[BlackCountry "ENG"]
[WhiteElo "2003"]
[WhiteRD "78"]
[BlackElo "1883"]
[BlackRD "74"]
[GameID "189607"]

1. e4 c5 2. Nf3 Nc6 3. Bb5 e6 4. Bxc6 bxc6 5. O-O Ne7 6. d4 cxd4 7. Qxd4 Ng6 8. Be3 f6 9. Nc3 Be7 10. Rad1 O-O
11. Rfe1 d5 12. Qa4 Qc7 13. Nd4 Bd7 14. f4 c5 15. Ndb5 Qb6 16. f5 d4 17. fxg6 h6 18. Qc4 Rfd8 19. Nxd4 cxd4 20. Rxd4 Rac8
21. Qd3 Qc6 22. Rd1 Be8 23. Qe2 Bxg6 24. Rxd8+ Rxd8 25. Rxd8+ Bxd8 26. Bxa7 Ba5 27. Bd4 Bxc3 28. Bxc3 Bxe4 29. a4 Bd5 30. a5 Kf7
31. h3 f5 32. a6 Bc4 33. Qe5 Bxa6 34. Qxg7+ Ke8 35. Qxh6 Qc5+ 36. Kh1 Bc4 37. Qg6+ Kd7 38. Qf7+ Kd6 39. Bb4
1-0

[Event "Turtle Speed # 22"]
[Site "SchemingMind.com"]
[Date "2009.01.29"]
[Round "-"]
[White "Mikael Hakim"]
[Black "Kobiahshi"]
[Result "0-1"]
[WhiteCountry "INT"]
[BlackCountry "USA"]
[WhiteElo "1717"]
[WhiteRD "80"]
[BlackElo "1699"]
[BlackRD "69"]
[GameID "189608"]

1. e4 c5 2. Nf3 Nc6 3. Bb5 g6 4. Bxc6 dxc6 5. O-O Bg7 6. Nc3 e5 7. h3 Ne7 8. d3 O-O 9. Be3 b6 10. a4 Qd6
11. Nd2 Be6 12. Qe2 a6 13. Nc4 Qc7 14. a5 b5 15. Nd2 Qd6 16. f4 Rfe8 17. f5 Bd7 18. fxg6 Qxg6 19. Kh1 Qg3 20. Rf3 Qh4
0-1

[Event "Turtle Speed # 22"]
[Site "SchemingMind.com"]
[Date "2009.01.30"]
[Round "-"]
[White "Mikael Hakim"]
[Black "Sammy75"]
[Result "0-1"]
[WhiteCountry "INT"]
[BlackCountry "NED"]
[WhiteElo "1717"]
[WhiteRD "80"]
[BlackElo "1741"]
[BlackRD "123"]
[GameID "189609"]

1. e4 e5 2. Nf3 Nc6 3. Bb5 Bc5 4. O-O Nf6 5. c3 O-O 6. d4 Bb6 7. Bg5 h6 8. Bh4 d6 9. dxe5 Nxe5 10. Nxe5 dxe5
11. Qxd8 Rxd8 12. Na3 a6 13. Be2 Rd2 14. Bf3 Rxb2 15. Nc4 Rb5 16. a4 Rc5 17. Nxb6 cxb6 18. Bxf6 gxf6 19. Ra3 Be6
0-1

[Event "Turtle Speed # 22"]
[Site "SchemingMind.com"]
[Date "2009.01.29"]
[Round "-"]
[White "Mikael Hakim"]
[Black "Nobody22"]
[Result "1-0"]
[WhiteCountry "INT"]
[BlackCountry "USA"]
[WhiteElo "2003"]
[WhiteRD "78"]
[BlackElo "1814"]
[BlackRD "112"]
[GameID "189610"]

1. e4 e5 2. Nf3 Nc6 3. Bb5 a6 4. Bxc6 dxc6 5. O-O f6 6. d4 exd4 7. Nxd4 c5 8. Nf5 Bxf5 9. exf5 Qxd1 10. Rxd1 Bd6
11. Nc3 Ne7 12. g4 O-O-O 13. Be3 h5 14. Ne4 b6 15. h3 hxg4 16. Nxd6+ cxd6 17. hxg4 d5 18. Kg2 g5 19. Rh1 d4 20. Bd2 c4
21. Rxh8 Rxh8 22. Re1 Nd5 23. Re4 c3 24. bxc3 dxc3 25. Bxc3 Nxc3 26. Rc4+ Kb7 27. Rxc3 Rc8 28. Rxc8 Kxc8 29. f4 Kd7 30. Kf3 Kd6
31. fxg5 fxg5 32. Ke4 b5 33. Kd4 a5 34. c3 b4 35. cxb4 axb4 36. Kc4 Ke5 37. Kxb4
1-0

[Event "Turtle Speed # 22"]
[Site "SchemingMind.com"]
[Date "2009.02.03"]
[Round "-"]
[White "Ivancic"]
[Black "Mikael Hakim"]
[Result "1-0"]
[WhiteCountry "AUS"]
[BlackCountry "INT"]
[WhiteElo "1957"]
[WhiteRD "71"]
[BlackElo "1717"]
[BlackRD "80"]
[GameID "189611"]

1. e4 c5 2. Nf3 d6 3. d4 cxd4 4. Nxd4 Nf6 5. Nc3 a6 6. Bc4 e6 7. Bb3 Be7 8. g4 e5 9. Nf5 Bxf5 10. gxf5 Qa5
11. Bd2 Qb6 12. Bg5 Nbd7 13. Qd2 Nc5 14. Bxf6 Bxf6 15. Nd5
1-0

[Event "Turtle Speed # 22"]
[Site "SchemingMind.com"]
[Date "2009.01.29"]
[Round "-"]
[White "fishofchaos"]
[Black "Mikael Hakim"]
[Result "0-1"]
[WhiteCountry "ENG"]
[BlackCountry "INT"]
[WhiteElo "1883"]
[WhiteRD "74"]
[BlackElo "2003"]
[BlackRD "78"]
[GameID "189612"]

1. d4 Nf6 2. c4 g6 3. Nc3 Bg7 4. e4 O-O 5. Nf3 d6 6. h3 e5 7. d5 a5 8. Bg5 h6 9. Be3 Na6 10. Be2 Nc5
11. Nd2 Bd7 12. b3 Nh7 13. h4 f5 14. h5 Nxe4 15. Ndxe4 g5 16. Nc5 dxc5 17. Bxc5 Re8 18. Qc2 b6 19. Ba3 e4 20. O-O Nf6
21. Rad1 f4 22. d6 Qc8 23. Rfe1 Bc6 24. dxc7 f3 25. Bf1 Qxc7 26. g3 Nxh5 27. Nd5 Bxd5 28. Rxd5 e3 29. Bd6 Qf7 30. Bd3 Nf6
31. Rf5 exf2+ 32. Kxf2 Ng4+ 33. Kf1 Rxe1+ 34. Kxe1 Re8+ 35. Kd2 Qe6
0-1

[Event "Turtle Speed # 22"]
[Site "SchemingMind.com"]
[Date "2009.01.29"]
[Round "-"]
[White "Kobiahshi"]
[Black "Mikael Hakim"]
[Result "1-0"]
[WhiteCountry "USA"]
[BlackCountry "INT"]
[WhiteElo "1699"]
[WhiteRD "69"]
[BlackElo "1717"]
[BlackRD "80"]
[GameID "189613"]

1. d4 Nf6 2. c4 g6 3. Nc3 Bg7 4. e4 O-O 5. f4 d6 6. Nf3 Bg4 7. Be2 Nbd7 8. O-O Bxf3 9. Rxf3 e5 10. dxe5 dxe5
11. f5 Qe8 12. Qd3 Nc5 13. Qc2 Rd8 14. Rh3 c6 15. b3 Rd4 16. Be3 Ncxe4 17. Bxd4 exd4 18. Nxe4 Nxe4 19. Rf3
1-0

[Event "Turtle Speed # 22"]
[Site "SchemingMind.com"]
[Date "2009.02.01"]
[Round "-"]
[White "Sammy75"]
[Black "Mikael Hakim"]
[Result "0-1"]
[WhiteCountry "NED"]
[BlackCountry "INT"]
[WhiteElo "1735"]
[WhiteRD "228"]
[BlackElo "2021"]
[BlackRD "82"]
[GameID "189614"]

1. e4 c5 2. Nc3 Nc6 3. f4 e6 4. Nf3 g6 5. Bc4 a6 6. a4 Bg7 7. f5 exf5 8. d3 fxe4 9. Nxe4 d5 10. O-O dxc4
11. Nfg5 f5 12. Nxc5 Qd4+
0-1

[Event "Turtle Speed # 22"]
[Site "SchemingMind.com"]
[Date "2009.01.29"]
[Round "-"]
[White "Nobody22"]
[Black "Mikael Hakim"]
[Result "0-1"]
[WhiteCountry "USA"]
[BlackCountry "INT"]
[WhiteElo "1814"]
[WhiteRD "112"]
[BlackElo "2003"]
[BlackRD "78"]
[GameID "189615"]

1. d4 Nf6 2. Nf3 g6 3. c4 Bg7 4. g3 O-O 5. Bg2 d6 6. O-O c5 7. Nc3 cxd4 8. Nxd4 Qc7 9. b3 Nc6 10. Nxc6 bxc6
11. Bb2 Rb8 12. Ne4 Nxe4 13. Bxg7 Kxg7 14. Qd4+ Nf6 15. c5 d5 16. e4 dxe4 17. Bxe4 Rd8 18. Qa4 Nxe4 19. Qxe4 Bf5 20. Qe3 e5
21. Rfd1 Rd5 22. Rxd5 cxd5 23. Re1 d4 24. Qxe5+ Qxe5 25. Rxe5 Rd8 26. Re2 d3 27. Rd2 Re8 28. Kf1 Rc8 29. b4 a5 30. a3 axb4
31. axb4 Rb8 32. Rb2 Bd7 33. Ke1 Bb5 34. Kd2 Kf6 35. Kc3 Ke5 36. Ra2 Rd8 37. Kd2 Rd4 38. f3 Rxb4
0-1